000 00828cam a2200217 a 4500
001 000006545
005 20200929153941.0
008 920730s1990 pr a b 000 0 spa
035 _a(DLC) 92193294
040 _aDO-SdBNP
_cDLC
_dBNPHU
082 _a929.3
_bR696r
100 1 _aRodríguez León, Mario A.
_918180
245 1 4 _aLos registros parroquiales y la microhistoria demográfica en Puerto Rico /
_cMario A. Rodríguez León.
260 _aSan Juan, Puerto Rico :
_bCentro de Estudios Avanzados de Puerto Rico y el Caribe,
_c1990.
_eSanto Domingo
_fCorripio
300 _a425 p. :
_bil. ;
_c23 cm.
504 _aBiografías: p. 415-425.
651 4 _aPurto Rico
_xPoblación
_xHistoria
_xFuentes
_918181
650 4 _aRegistros eclesiásticos
_zPuerto Rico.
_918182
910 _aCatalogación por copia / LC
049 _aBNGR
999 _c6336
_d6336